LEADER 01248cam0-22003971i-450- 001 990007776420403321 005 20140520100513.0 010 $a88-8114-553-7 035 $a000777642 035 $aFED01000777642 035 $a(Aleph)000777642FED01 035 $a000777642 100 $a20030814d1998----km-y0itay50------ba 101 0 $aita 102 $aIT 200 1 $a<>istituzioni della solidarietà$eil sistema delle associazioni nel Codice civile e nella legislazione speciale$fGiuseppe Vecchio 210 $aNapoli$cEdizioni scientifiche italiane$d1998 215 $a370 p.$d24 cm 225 1 $aPubblicazioni della Scuola di specializzazione in diritto civile dell'Università di Camerino$v82 610 0 $aAssociazione non riconosciuta 610 0 $aVolontariato 610 0 $aEnti non profit 676 $a346.01 700 1$aVecchio,$bGiuseppe$0263044 801 0$aIT$bUNINA$gRICA$2UNIMARC 901 $aBK 912 $a990007776420403321 952 $a19-E-244$b10507$fDDCP 952 $aX A 32$b4459$fDDCIC 952 $aA-I-B-51$bdip. 8992$fDDRC 952 $a19-E-241$b10359$fDDCP 959 $aDDCP 959 $aDDCIC 959 $aDDRC 996 $aIstituzioni della solidarietà$9666784 997 $aUNINA LEADER 01634nas 2200457-a 450 001 9910949137803321 005 20240911213022.0 035 $a(CKB)4990000000000031 035 $a(CONSER)---92656206- 035 $a(EXLCZ)994990000000000031 100 $a19920413b19911992 --- a 101 0 $aeng 181 $ctxt$2rdacontent 182 $cc$2rdamedia 183 $acr$2rdacarrier 200 10$aPolymer science 210 $aOxford ;$aNew York $cPergamon Press$dc1992-c1992 215 $a1 online resource 300 $aVol. 33 released one year behind the Russian original and carries its date (1991). 300 $aVol. 34, no. 1-2, have title: Polymer science USSR. 300 $aEnglish translations of v. 34 published simultaneously with the Russian original in 1992 by Interperiodica and the Russian Academy of Sciences, Moscow. 311 08$aPrint version: Vysokomolekuli?arnye soedinenii?a. 0965-545X (DLC) 92656206 (OCoLC)25636234 517 3 $aPolymer science USSR 531 0 $aPolym. sci. 606 $aPolymers$vPeriodicals 606 $aPolymerization$vPeriodicals 606 $aPolymerization$2fast$3(OCoLC)fst01070576 606 $aPolymers$2fast$3(OCoLC)fst01070588 606 $aPractice Guideline$2nasat 608 $aPeriodicals.$2fast 615 0$aPolymers 615 0$aPolymerization 615 7$aPolymerization. 615 7$aPolymers. 615 7$aPractice Guideline. 712 02$aRossii?skai?a? akademii?a? nauk, 906 $aJOURNAL 912 $a9910949137803321 920 $aexl_impl conversion 996 $aPolymer science$9122018 997 $aUNINA